James Bond-Filme (Sudden Death) - Statistiken

Allgemein
  • Dieses Quiz wurde 796 mal gespielt
  • Das Durchschnittsergebnis liegt bei 11 aus 15
Answers on the Grid
Answers color-coded by a green-red scale on the quiz's grid according to % correct below.
Agent ohne Namen
Alle Zeit der Welt
Casino Royale
Eine Dame verschwindet
Feuerball
The Golden Circle
Goldeneye
Goldfinger
Goldständer
Der Hauch des Todes
Im Angesicht des Todes
Im Wendekreis der Eidechse
In tödlicher Mission
Jagd auf Roter Oktober
jagt Dr. No
Keine Zeit zu Sterben
Der Krieg im Dunkel
Lautlose Waffen
Leben und sterben lassen
Liebesgrüße aus Afrika
Man lebt nur dreimal
Der Mann mit dem goldenen Colt
Mission London
Moonraker – Streng geheim
Octopussy
Phantom Protokoll
Shadow Recruit
Stirb an einem anderen Tag
Skyfall
Der Tod im roten Jaguar
 
Antwortstatistiken
Antwort % Korrekt
Casino Royale
93%
Goldfinger
86%
Goldeneye
84%
Skyfall
77%
Keine Zeit zu Sterben
75%
jagt Dr. No
74%
Octopussy
70%
Stirb an einem anderen Tag
70%
Feuerball
66%
In tödlicher Mission
66%
Im Angesicht des Todes
65%
Der Mann mit dem goldenen Colt
62%
Moonraker – Streng geheim
62%
Leben und sterben lassen
58%
Der Hauch des Todes
57%
Keine übereinstimmenden Quizze gefunden
Verteilung der Resultate
Anzahl Personen mit jedem Resultat
Perzentil nach korrekt beantworteten Fragen
Ihre Resultats-Entwicklung
Sie haben dieses Quiz noch nicht gespielt